Բարոյականությունը կոմունիստների հասկացողությամբ / (Record no. 5744)
[ view plain ]
| 000 -LEADER | |
|---|---|
| fixed length control field | 00719nam a2200205 a 4500 |
| 001 - CONTROL NUMBER | |
| control field | 000018097 |
| 003 - CONTROL NUMBER IDENTIFIER | |
| control field | AM-YEHGA |
| 005 - DATE AND TIME OF LATEST TRANSACTION | |
| control field | 20250617120651.0 |
| 008 - FIXED-LENGTH DATA ELEMENTS--GENERAL INFORMATION | |
| fixed length control field | 001101s1964 ai |||||||||||||||||arm d |
| 040 ## - CATALOGING SOURCE | |
| Original cataloging agency | AM-YeHGA |
| 041 0# - LANGUAGE CODE | |
| Language code of text/sound track or separate title | arm |
| 090 ## - LOCALLY ASSIGNED LC-TYPE CALL NUMBER (OCLC); LOCAL CALL NUMBER (RLIN) | |
| -- | 5785 |
| 245 00 - TITLE STATEMENT | |
| Title | Բարոյականությունը կոմունիստների հասկացողությամբ / |
| Statement of responsibility, etc. | Կազմ. Ն.Վ. Բիչկովա, Ռ.Ա. Լավրով, Վ.Ա. Լյուբիշևա. |
| 260 ## - PUBLICATION, DISTRIBUTION, ETC. | |
| Place of publication, distribution, etc. | Երևան : |
| Name of publisher, distributor, etc. | Հայպետհրատ, |
| Date of publication, distribution, etc. | 1964. |
| 300 ## - PHYSICAL DESCRIPTION | |
| Extent | 246 էջ ; |
| Dimensions | 16 սմ. |
| 700 1# - ADDED ENTRY--PERSONAL NAME | |
| Personal name | Բիչկովա, Ն.Վ. |
| Relator term | կազմ. |
| Relationship | com |
| 700 1# - ADDED ENTRY--PERSONAL NAME | |
| Personal name | Լավրով, Ռ.Ա. |
| Relator term | կազմ. |
| Relationship | com |
| 700 1# - ADDED ENTRY--PERSONAL NAME | |
| Personal name | Լյուբիշևա, Վ.Ա. |
| Relator term | կազմ. |
| Relationship | com |
| 942 ## - ADDED ENTRY ELEMENTS (KOHA) | |
| Koha item type | Գրքեր / Books |
| Withdrawn status | Lost status | Damaged status | Not for loan | Collection | Home library | Current library | Date acquired | Total checkouts | Full call number | Barcode | Date last seen | Cost, replacement price | Price effective from | Koha item type | Public note |
|---|---|---|---|---|---|---|---|---|---|---|---|---|---|---|---|
| General | Fundamental Scientific Library | Fundamental Scientific Library | 21/12/2016 | AI/7474 | FL0044187 | 21/12/2016 | 14.00 | 21/12/2016 | Գրքեր / Books | 30 Days Loan | |||||
| General | Fundamental Scientific Library | Fundamental Scientific Library | 21/12/2016 | AI/7475 | FL0044188 | 21/12/2016 | 14.00 | 21/12/2016 | Գրքեր / Books | 30 Days Loan | |||||
| General | Fundamental Scientific Library | Fundamental Scientific Library | 21/12/2016 | AI/7476 | FL0044189 | 21/12/2016 | 14.00 | 21/12/2016 | Գրքեր / Books | 30 Days Loan | |||||
| General | Fundamental Scientific Library | Fundamental Scientific Library | 21/12/2016 | AI/7477 | FL0044190 | 21/12/2016 | 14.00 | 21/12/2016 | Գրքեր / Books | 30 Days Loan |
ՀՀ Գիտությունների ազգային ակադեմիայի հիմնարար գիտական գրադարան = Fundamental Scientific Library of NAS RA
All site content, except where otherwise noted, is licensed under a